| 000 | 00691nas a2200241 4500 | ||
|---|---|---|---|
| 001 | BR9510350 | ||
| 003 | BR-BrBNA | ||
| 005 | 20231205095706.0 | ||
| 007 | ta | ||
| 008 | 230509b bl.|||p| |||| 00| 00por d | ||
| 040 |
_aBR-BrBNA _bpor _cBiblioteca Nacional de Agricultura |
||
| 041 | _a(Pt) | ||
| 072 | _aH20 | ||
| 100 | 1 | _aBitancourt, A.A. | |
| 100 | 1 | _aGrillo, H.V.S. | |
| 245 | 1 | _aA clorose zonada, uma nova doenca dos citrus | |
| 650 | _aFruta Citrica | ||
| 650 | _aClorose | ||
| 650 | _aSao Paulo | ||
| 773 | 0 |
_tArchivos do Instituto Biologico (Brazil) _xISSN 0020-3653 _g(1934), v. 5 p. 245-250 _wBR9510350 |
|
| 909 |
_a202311 _bLúcia _c55 _dLúcia Elande |
||
| 942 |
_2AGRIS _n0 _cANA |
||
| 999 |
_c152172 _d152172 |
||